| 000 | 00514nam a2200169 i 4500 | ||
|---|---|---|---|
| 001 | 94734 | ||
| 003 | ES-MaACL | ||
| 005 | 20230906181537.0 | ||
| 007 | t| | ||
| 008 | 050512s1910 fr ||||1| fre d | ||
| 100 | 1 |
_aLubbock, John _cSir ( _d1834-1913) _974494 |
|
| 245 | 1 | 0 |
_aParis et bonheur / _cpar Lord Avebury, P. J.; traduit de l'anglais par Auguste Monod. |
| 260 |
_aParis : _b[s. n.], _c1910 ( _fImp. Levé) |
||
| 300 |
_a247 p. ; _c27 cm. |
||
| 700 | 1 |
_aMonod, Auguste. _982253 |
|
| 852 |
_aES-MaACL _jF-11849 |
||
| 999 |
_c94734 _d94734 |
||